Datum a čas kvízu
18.5
Celkem bodů
Celkový počet nahraných bodů na tomto kvízu bez doplňovacích otázek.
13.
Pořadí na kvízu
Konečné umístění týmu na tomto kvízu.
Zaznamenané odpovědi
| # | Otázka | Odpověď | Body | Výsledky |
|---|---|---|---|---|
| 1. | Tato novinářka prošla celou p... | Markéta Řeháková | 0 | |
| 2. | Norský výbor se rozhodl letoš... | z Íránu | 0 | |
| 3. | Agáta Hanychová minulý týden o... | Miroslav Dopita | 1 | |
| 4. | Ve středu byla v Berlíně předs... | Škoda Kodiaq | 0 | |
| 5. | Kolikátý titul v řadě mistra s... | třetí titul | 0 | |
| 6. | Téma o slavných trojicích, kte... | Toyota, Nissan, Honda | 0 | |
| 7. | Která tříčlenná kapela stojí z... | Blink-182 | 1 | |
| 8. | Na začátku které slavné původn... | Matrix | 0 | |
| 9. | Ze které části Francie pochází... | C | 0 | |
| 10. | Které společné příjmení patří... | Rachůnek | 0 |